00522nam a2200181 a 45000010010000000030011000100080041000210350026000620820017000881000023001052450020001282600036001486500019001849420012002039520090002159980020003059990015003250000-9141ELIB.Books110520 1987  a(ELIB.Books)0000-9293 a270.82 bBir aBirkland, Carol J. aUnified in Hope bGeneva: WCC Publications c1987 aChurch History 2ddccBK 00102ddc4070aKBTSbKBTSd2011-05-20l0p1243r2022-01-22 00:00:00w2022-01-22yBK cbate2011-05-20 c9141d9141